Estudio de los ideales maternos en sesiones de psicoterapia y su relación con el motivo de consulta /

Estudio sobre el proceso terapéutico en el que una paciente, una mujer con cuatro hijas, indaga sobre los ideales y dilemas que tiene sobre la maternidad.

Guardado en:
Bibliografiske detaljer
Hovedforfatter: Johnson Lara, Carol Ann (autor)
Format: Tesis Bog
Sprog:spansk
Udgivet: Guadalajara, México : edición de autor, 2023
Fag:
Online adgang:Ver documento en línea
Tags: Tilføj Tag
Ingen Tags, Vær først til at tagge denne postø!

MARC

LEADER 00000nam^a2200000^a^4500
001 000586843
005 20251023000000.0
009 20260310132759.129
037 |a Acervo ITESO - Biblioteca 
041 |a ESP 
090 |a MPS. 108 
100 |a Johnson Lara, Carol Ann  |e (autor) 
245 1 0 |a Estudio de los ideales maternos en sesiones de psicoterapia y su relación con el motivo de consulta /  |c C.A. Johnson Lara. 
264 1 |a Guadalajara, México :  |b edición de autor,  |c 2023 
300 |a 1 tesis electrónica en línea (75 p.) 
300 |a 1 recurso en línea 
336 |a datos para computadora  |b cod  |2 rdacontenido 
337 |a computadora  |b c  |2 rdamedio 
338 |a recurso en línea  |b cr  |2 rdasoporte 
502 |a ITESO Tesis de Maestría en Psicoterapia 
520 |a Estudio sobre el proceso terapéutico en el que una paciente, una mujer con cuatro hijas, indaga sobre los ideales y dilemas que tiene sobre la maternidad. 
649 |a XX 
650 |a Madres -  |x Condiciones Psicológicas 
650 |a Mujeres -  |x Condiciones Psicológicas 
650 |a Ideal del Yo 
650 |a Subjetividad (Psicología) 
650 |a Maternidad -  |x Aspectos Psicológicos -  |x Tema Principal 
650 |a Psicoterapia 
650 |a Psicología Clínica 
650 |a Psicología 
856 4 0 |u https://rei.iteso.mx/handle/11117/9956  |y Ver documento en línea 
910 |a Fondo General 
920 |a Electrónicos - Tesis del ITESO en Línea 
930 |a Repositorio Institucional 
905 |a 201 
901 |a 586843-1  |b IT2  |c ETI  |u 20250521 
902 |a https://opac.biblio.iteso.mx/vufind/Record/000586843